POP Quiz Stats

Quiz Updated Oct 3, 2017

Challenge
Share
Tweet
Embed
Score 0/25 Timer 05:00
3 Plays Today
% Correct
King of Pop
95.3%
Snap, Crackle, and Pop
94.3%
Unpopular
94%
Mary Poppins
93.3%
Pop-Tarts
93.2%
Eyepopper
91.9%
Pop art
91%
Poppy
90.9%
Popeye
90.8%
Hippopotamus
90.1%
Populism
89.5%
Iggy Pop
88.4%
Europop
87%
% Correct
Popsicle
87%
Poppycock
86.5%
Mom-and-Pop
86.3%
Lollipop
85.7%
Popcorn
85.4%
Boston Pops
85.1%
Hop on Pop
82.4%
Limpopo
80.7%
Apoplectic
75.5%
Antipope
74.9%
Popinjay
67.4%
Hellzapoppin
58.5%

You're not logged in!

Compare scores with friends on all Sporcle quizzes.
Sign Up with Email
OR
Log In

You Might Also Like...

Show Comments

Extras

Top Quizzes Today


Score Distribution

Your Account Isn't Verified!

In order to create a playlist on Sporcle, you need to verify the email address you used during registration. Go to your Sporcle Settings to finish the process.

Report this User

Report this user for behavior that violates our Community Guidelines.

Details: